000 01194nam a22003497a 4500
003 CHAP
005 20220329133447.0
008 971013s1992 r 00010 d
010 _a6616
011 _a7588
035 _a6811
040 _cCHAP
090 _aTesis
100 0 0 _aRamírez Arias, Gonzalo.
_993874
245 _aControl químico del mildiu del melón (Pseudoperonospora cubensis (Berk y Curt) Rostow) en el Alpuyeque, Colima, México
260 _aChapingo, Méx. :
_bEl autor,
_c1992
300 _a51 h.
_b; gráfs.
500 _a62-259
502 _aTesis (Ing. Agr. Esp. en Parasitología Agrícola) -- UACH. Departamento de Parasitología Agrícola
590 _aALEPH
_b10
_c20130110
_lUCH01
_h1220
590 _aBATCH-UPD
_b10
_c20130110
_lUCH01
_h0857
590 _aBATCH-UPD
_b10
_c20130410
_lUCH01
_h0527
590 _aBATCH-UPD
_b10
_c20130914
_lUCH01
_h1450
590 _aCONVERSION
_b10
_c20130109
_lUCH01
_h1305
650 1 4 _aFungicidas.
_944044
650 1 4 _aMelón
_xColima.
_974442
650 1 4 _aMelón
_xEnfermedades.
_974449
650 1 4 _aPseudoperonospora cubensis.
_992582
901 _aBK
942 _cTESIS
949 _bBC
_cTES
_d-16421
_eTS1
_h26162
_i6811
_si
999 _c6616
_d6616